Trenerzy Polonii Bytom - nagła śmierć - Statystyki

Ogólne statystyki
  • Ten quiz został rozwiązany 10 razy
  • Średni wynik to 6 z 15
Answers on the Grid
Answers color-coded by a green-red scale on the quiz's grid according to % correct below.
Łukasz Tomczyk
Pavel Stano
Jan Urban
Artur Skowronek
Kazimierz Moskal
Ireneusz Kościelniak
Czesław Michniewicz
Martin Sevela
Kamil Rakoczy
Dariusz Wdowczyk
Jacek Trzeciak
Marcin Brosz
Jacek Magiera
Ryszard Wieczorek
Orest Leńczyk
Michal Probierz
Tomasz Kafarski
Marcin Włodarski
Adam Burek
Jakub Dziółka
Jan Żurek
Dariusz Fornalak
Marcin Sasal
Daniel Myśliwiec
Yuriy Shatalov
Dawid Szwarga
Marek Papszun
Dietmar Brehmer
Wojciech Stawowy
Waldemar Fornalik
 
Statystyki odpowiedzi
Odpowiedź % Poprawnych
Łukasz Tomczyk
100%
Michal Probierz
57%
Yuriy Shatalov
57%
Dariusz Fornalak
43%
Dietmar Brehmer
43%
Jacek Trzeciak
43%
Jan Urban
43%
Ryszard Wieczorek
43%
Artur Skowronek
29%
Marcin Brosz
29%
Waldemar Fornalik
29%
Adam Burek
14%
Ireneusz Kościelniak
14%
Jan Żurek
14%
Kamil Rakoczy
14%
Nie znaleziono quizów pasujących do podanych kryteriów
Rozkład punktacji
Procent ludzi z każdym wynikiem
Percentyl według liczby udzielonych odpowiedzi
Twoja historia wyników
Nie rozwiązałeś tego quizu